[Event "Open Bicentenario Móstoles 1808"]
[Site "Móstoles ESP"]
[Date "2008.05.22"]
[Round "3.15"]
[White "Martin-Consuegra Barrilero, Francisco Javier"]
[Black "Ruiz Martin, Juan"]
[Result "0-1"]
[WhiteElo "1867"]
[BlackElo "2100"]
[PlyCount "142"]
[EventDate "2008.05.20"]
[EventType "swiss"]
[EventRounds "1"]
[EventCountry "ESP"]
[Source "lmi"]
[SourceDate "2008.05.20"]

1. d4 Nf6 2. Bg5 c5 3. Bxf6 gxf6 4. c3 Qb6 5. Qd2 Bg7 6. e3 d5 7. Ne2 e5 8.
dxc5 Qxc5 9. g3 O-O 10. Bg2 Rd8 11. O-O Nc6 12. b4 Qd6 13. Na3 a6 14. Nc2 Be6
15. a4 Bh6 16. Rad1 Rac8 17. f4 Ne7 18. Kh1 Bg4 19. Bf3 Bxf3+ 20. Rxf3 Qc6 21.
b5 axb5 22. Nb4 Qc5 23. axb5 Qxb5 24. Rdf1 e4 25. R3f2 f5 26. Nd4 Qc4 27. Rc1
Bg7 28. Rff1 Rc7 29. Qd1 Rd6 30. Qa4 Bxd4 31. Qe8+ Kg7 32. cxd4 Qe2 33. Rce1
Qd2 34. Qb5 Rc4 35. Rb1 Rh6 36. h4 Rg6 37. Rg1 Qxe3 38. Nxd5 Qf3+ 39. Rg2 Rc2
40. Rbg1 Rxg2 41. Rxg2 Rxg3 42. Ne3 Qxe3 43. Qe5+ Kh6 44. Rxg3 Qxg3 45. Qxe7
Qe1+ 46. Kg2 Qe2+ 47. Kh1 Qf1+ 48. Kh2 Qxf4+ 49. Kh3 Qg4+ 50. Kh2 f4 51. Qf6+
Qg6 52. Qxf4+ Kg7 53. Qe5+ Kf8 54. Qb8+ Ke7 55. Qxb7+ Ke6 56. Qc8+ Kf6 57. Qe8
Qf5 58. Qd8+ Kg6 59. Qd6+ Kg7 60. Qg3+ Kf6 61. Qd6+ Qe6 62. Qd8+ Qe7 63. Qh8+
Kg6 64. Qg8+ Kh6 65. Qg3 Kh5 66. Qe3 Qxh4+ 67. Kg2 Qg5+ 68. Kf2 Qxe3+ 69. Kxe3
f5 70. d5 Kg6 71. Kd4 Kf7 0-1

[Event "Open Bicentenario Móstoles 1808"]
[Site "Móstoles ESP"]
[Date "2008.05.22"]
[Round "3.16"]
[White "Garcia Diaz, Victor Manuel"]
[Black "Aguado Rodriguez, Guillermo"]
[Result "0-1"]
[WhiteElo "2088"]
[BlackElo "1860"]
[PlyCount "78"]
[EventDate "2008.05.20"]
[EventType "swiss"]
[EventRounds "1"]
[EventCountry "ESP"]
[Source "lmi"]
[SourceDate "2008.05.20"]

1. e4 e5 2. d4 exd4 3. Bc4 d6 4. Nf3 Be7 5. Nxd4 Nf6 6. Nc3 O-O 7. f3 a6 8. a4
Nbd7 9. Be3 Ne5 10. Ba2 c5 11. Nde2 Ng6 12. Qd2 Be6 13. Ng3 Qa5 14. O-O Ne5 15.
Nd5 Qd8 16. Rad1 Nxd5 17. Bxd5 Qc7 18. h3 Nc6 19. f4 Nb4 20. f5 Nxd5 21. exd5
Bd7 22. f6 Bxf6 23. Rxf6 gxf6 24. Nh5 Kh8 25. Qc3 Qd8 26. Nxf6 Bf5 27. Rf1 Bg6
28. Bh6 Qe7 29. Bg7+ Kxg7 30. Ne8+ Kh6 31. Qg7+ Kg5 32. h4+ Kxh4 33. Qh6+ Bh5
34. Rf4+ Kg3 35. Rf1 Qe5 36. Rf3+ Bxf3 37. Qh3+ Kf4 38. Qxf3+ Kg5 39. Nf6 Qxf6
0-1

[Event "Open Bicentenario Móstoles 1808"]
[Site "Móstoles ESP"]
[Date "2008.05.22"]
[Round "3.17"]
[White "Vukotic Jovsic, Dragan"]
[Black "Aguado Garcia, Pablo"]
[Result "1/2-1/2"]
[WhiteElo "2073"]
[BlackElo "1798"]
[PlyCount "120"]
[EventDate "2008.05.20"]
[EventType "swiss"]
[EventRounds "1"]
[EventCountry "ESP"]
[Source "lmi"]
[SourceDate "2008.05.20"]

1. d4 Nf6 2. Bf4 d5 3. Nf3 e6 4. e3 c5 5. c3 Be7 6. Bd3 Nc6 7. Nbd2 a6 8. a4 b6
9. Ne5 Bb7 10. O-O Rc8 11. Qe2 c4 12. Bc2 O-O 13. Ndf3 h6 14. g4 Nxe5 15. Nxe5
Nd7 16. Nxd7 Qxd7 17. g5 Bxg5 18. Bxg5 hxg5 19. Qh5 g6 20. Qxg5 Kg7 21. f4 Rh8
22. f5 exf5 23. Bxf5 Qd6 24. h3 Rh5 25. Qg2 Re8 26. Rf3 Bc6 27. Raf1 Re7 28.
Bc2 Qd7 29. Rxf7+ Rxf7 30. Qxg6+ Kf8 31. Qxh5 Rxf1+ 32. Kxf1 Bxa4 33. Qh8+ Ke7
34. Qg7+ Kd8 35. Qf8+ Kc7 36. Bf5 Qe8 37. Qxe8 Bxe8 38. Kf2 a5 39. Kg3 b5 40.
Kf4 Kd6 41. Kg5 Bd7 42. Bxd7 Kxd7 43. h4 Ke7 44. h5 Kf7 45. e4 dxe4 46. Kf4 b4
47. d5 bxc3 48. bxc3 a4 49. d6 a3 50. d7 Ke7 51. h6 a2 52. h7 a1=Q 53. d8=Q+
Kxd8 54. h8=Q+ Ke7 55. Qe5+ Kf7 56. Kxe4 Qe1+ 57. Kd4 Qxe5+ 58. Kxe5 Ke7 59.
Kd4 Kd7 60. Kxc4 Kc6 1/2-1/2

[Event "Open Bicentenario Móstoles 1808"]
[Site "Móstoles ESP"]
[Date "2008.05.22"]
[Round "3.18"]
[White "Martinez Miura, Enrique"]
[Black "Moreno Alberti, Manuel"]
[Result "1/2-1/2"]
[WhiteElo "1761"]
[BlackElo "2069"]
[PlyCount "80"]
[EventDate "2008.05.20"]
[EventType "swiss"]
[EventRounds "1"]
[EventCountry "ESP"]
[Source "lmi"]
[SourceDate "2008.05.20"]

1. e4 c5 2. c4 Nc6 3. Nc3 g6 4. g3 Bg7 5. Bg2 d6 6. Nge2 e6 7. O-O Nge7 8. d3
a6 9. Be3 Nd4 10. Qd2 Nec6 11. Bh6 O-O 12. Bxg7 Kxg7 13. Nxd4 cxd4 14. Ne2 e5
15. f4 Bd7 16. f5 f6 17. g4 g5 18. Ng3 Be8 19. Kf2 Bf7 20. Rh1 a5 21. h4 h6 22.
hxg5 hxg5 23. Nh5+ Bxh5 24. Rxh5 Qb6 25. Rah1 Rh8 26. Rxg5+ Kf7 27. Rgh5 Rxh5
28. Rxh5 Rg8 29. Rh7+ Ke8 30. Kf3 Nd8 31. Qh6 Nf7 32. Qh5 Rf8 33. g5 Qxb2 34.
Rxf7 Rxf7 35. g6 Qd2 36. gxf7+ Kf8 37. Qg6 Qf4+ 38. Ke2 Qe3+ 39. Kf1 Qc1+ 40.
Ke2 Qe3+ 1/2-1/2

[Event "Open Bicentenario Móstoles 1808"]
[Site "Móstoles ESP"]
[Date "2008.05.22"]
[Round "3.19"]
[White "Fernandez Garcia, Ignacio"]
[Black "Cortijo Manso, Luis"]
[Result "1-0"]
[WhiteElo "1992"]
[BlackElo "1701"]
[PlyCount "45"]
[EventDate "2008.05.20"]
[EventType "swiss"]
[EventRounds "1"]
[EventCountry "ESP"]
[Source "lmi"]
[SourceDate "2008.05.20"]

1. e4 c5 2. c3 d6 3. d4 cxd4 4. cxd4 a6 5. Nf3 Nf6 6. Nc3 e6 7. Bd3 Nc6 8. O-O
Be7 9. h3 O-O 10. e5 dxe5 11. dxe5 Nd7 12. Qe2 Nc5 13. Bb1 Nd4 14. Nxd4 Qxd4
15. Rd1 Qb4 16. Be3 Qb6 17. Qc2 g6 18. Ne4 Qc7 19. b4 Qxe5 20. bxc5 Rd8 21.
Rxd8+ Bxd8 22. Qc3 Qc7 23. Nf6+ 1-0

[Event "Open Bicentenario Móstoles 1808"]
[Site "Móstoles ESP"]
[Date "2008.05.22"]
[Round "3.23"]
[White "Sanchez Alvarez, Jorge"]
[Black "De los Rios Camacho, Juan Antonio"]
[Result "1-0"]
[WhiteElo "2038"]
[BlackElo "1739"]
[PlyCount "45"]
[EventDate "2008.05.20"]
[EventType "swiss"]
[EventRounds "1"]
[EventCountry "ESP"]
[Source "lmi"]
[SourceDate "2008.05.20"]

1. c4 e5 2. g3 Nf6 3. Bg2 d5 4. cxd5 Nxd5 5. Nf3 Nc6 6. O-O Bc5 7. d3 O-O 8.
Nc3 Nde7 9. a3 a5 10. b3 f6 11. Na4 Ba7 12. b4 axb4 13. axb4 b5 14. Nc5 Qd6 15.
Qb3+ Kh8 16. Rd1 Bg4 17. d4 Bxf3 18. Bxf3 Bxc5 19. Rxa8 Rxa8 20. dxc5 Nd4 21.
cxd6 Nxb3 22. dxe7 Nd4 23. Bxa8 1-0

[Event "Open Bicentenario Móstoles 1808"]
[Site "Móstoles ESP"]
[Date "2008.05.22"]
[Round "3.24"]
[White "Fuentes Arjona, Antonio"]
[Black "Garcia Lopez, Fernando"]
[Result "1-0"]
[WhiteElo "1992"]
[BlackElo "1798"]
[PlyCount "95"]
[EventDate "2008.05.20"]
[EventType "swiss"]
[EventRounds "1"]
[EventCountry "ESP"]
[Source "lmi"]
[SourceDate "2008.05.20"]

1. e4 e5 2. d4 exd4 3. f4 d5 4. Qxd4 Nf6 5. e5 Ne4 6. Nf3 Bc5 7. Qa4+ Bd7 8.
Bb5 Bf2+ 9. Kf1 O-O 10. Bxd7 Nxd7 11. Nbd2 Ndc5 12. Qa3 Bh4 13. Nxh4 Qxh4 14.
Qf3 Rfe8 15. b4 Nxd2+ 16. Bxd2 Ne4 17. Be1 Qh6 18. g3 f6 19. exf6 Qxf6 20. Rd1
c6 21. Kg2 Rad8 22. Bf2 a6 23. Bd4 Qf7 24. Rhe1 Rd6 25. Re2 Rd7 26. Rde1 Rde7
27. c4 Nd2 28. Rxe7 Rxe7 29. Rxe7 Qxe7 30. Bc5 Qxc5 31. bxc5 Nxf3 32. Kxf3 dxc4
33. Ke4 c3 34. Kd3 c2 35. Kxc2 Kf7 36. Kd3 Ke6 37. Ke4 g6 38. g4 a5 39. h4 h6
40. f5+ gxf5+ 41. gxf5+ Kf6 42. a4 Kf7 43. Ke5 Ke7 44. f6+ Kf7 45. h5 Kf8 46.
Ke6 Ke8 47. f7+ Kf8 48. Kf6 1-0

[Event "Open Bicentenario Móstoles 1808"]
[Site "Móstoles ESP"]
[Date "2008.05.22"]
[Round "3.25"]
[White "Alvarez Escudero, Manuel"]
[Black "Prieto Velasco, Rafael"]
[Result "1-0"]
[WhiteElo "1912"]
[BlackElo "1568"]
[PlyCount "91"]
[EventDate "2008.05.20"]
[EventType "swiss"]
[EventRounds "1"]
[EventCountry "ESP"]
[Source "lmi"]
[SourceDate "2008.05.20"]

1. e4 e6 2. d4 d5 3. exd5 exd5 4. Bd3 Bd6 5. h3 Nc6 6. Nf3 Nge7 7. O-O Bf5 8.
c3 Qd7 9. Bxf5 Qxf5 10. Re1 O-O-O 11. Nbd2 f6 12. Nf1 h5 13. Ne3 Qd7 14. b4 Kb8
15. a4 Rdf8 16. a5 Nd8 17. Qb3 Bf4 18. b5 Bxe3 19. Bxe3 g5 20. b6 cxb6 21. axb6
a6 22. Nd2 Nf7 23. c4 Nd6 24. c5 Nb5 25. Nb1 Nc6 26. Ra4 g4 27. Bf4+ Kc8 28.
Qxb5 gxh3 29. Rxa6 bxa6 30. Qxa6+ Qb7 31. Qd3 Qd7 32. Nc3 Kb7 33. Nb5 Qg4 34.
Nd6+ Kb8 35. g3 Rhg8 36. Kh2 h4 37. Qa6 hxg3+ 38. fxg3 Rg7 39. Nf5+ Qxf4 40.
gxf4 Rg2+ 41. Kh1 Rfg8 42. Nd6 R2g7 43. b7 Nxd4 44. Qa8+ Kc7 45. Ne8+ Rxe8 46.
Rxe8 1-0

[Event "Open Bicentenario Móstoles 1808"]
[Site "Móstoles ESP"]
[Date "2008.05.22"]
[Round "3.28"]
[White "Fernandez Martinez, Jose"]
[Black "Keller, August"]
[Result "1-0"]
[WhiteElo "1785"]
[BlackElo "1839"]
[PlyCount "67"]
[EventDate "2008.05.20"]
[EventType "swiss"]
[EventRounds "1"]
[EventCountry "ESP"]
[Source "lmi"]
[SourceDate "2008.05.20"]

1. e4 c5 2. Nf3 d6 3. d4 cxd4 4. Nxd4 Nf6 5. Nc3 Nc6 6. Be2 g6 7. Be3 Bg7 8.
O-O O-O 9. h3 Bd7 10. f4 Nxd4 11. Bxd4 Bc6 12. Bf3 Qc7 13. Nd5 Bxd5 14. exd5 b5
15. c3 a5 16. a3 a4 17. Re1 Rfe8 18. Re2 Qc4 19. Qd2 Nd7 20. Bxg7 Kxg7 21. Rae1
Kf8 22. Re4 Qc5+ 23. Kh1 Nf6 24. R4e2 Rac8 25. f5 Rc7 26. fxg6 hxg6 27. Qh6+
Kg8 28. Qg5 Kg7 29. h4 e6 30. dxe6 Qxg5 31. hxg5 Ng8 32. exf7 Rxe2 33. fxg8=Q+
Kxg8 34. Rxe2 1-0

[Event "Open Bicentenario Móstoles 1808"]
[Site "Móstoles ESP"]
[Date "2008.05.22"]
[Round "3.29"]
[White "Benitez Cadenas, Luis Miguel"]
[Black "Laurentiu, Burlacu"]
[Result "0-1"]
[WhiteElo "1791"]
[BlackElo "2037"]
[PlyCount "108"]
[EventDate "2008.05.20"]
[EventType "swiss"]
[EventRounds "1"]
[EventCountry "ESP"]
[Source "lmi"]
[SourceDate "2008.05.20"]

1. d4 e6 2. c4 Nf6 3. Nf3 c5 4. Nc3 cxd4 5. Nxd4 a6 6. Bg5 Be7 7. e4 d6 8. Bd3
h6 9. Bh4 Qb6 10. Nb3 Nxe4 11. Nxe4 Bxh4 12. Qg4 Bf6 13. Nxf6+ gxf6 14. Qg7 Rf8
15. Qxf6 Qb4+ 16. Kf1 Nd7 17. Qxh6 Ne5 18. Qe3 Nxc4 19. Bxc4 Qxc4+ 20. Qe2 Qb4
21. Rc1 Bd7 22. Qe3 Bb5+ 23. Kg1 Bc6 24. f3 e5 25. h3 O-O-O 26. Qc3 Qb5 27. Na5
Rg8 28. Rh2 Kd7 29. Nxc6 bxc6 30. Qc4 Rdf8 31. Qxb5 axb5 32. b4 Rg3 33. h4 f5
34. h5 Rh8 35. h6 Rh7 36. Rc3 Kc7 37. Ra3 Kb7 38. Kf2 f4 39. Rd3 d5 40. Rd2 Rg5
41. Rd1 Kc7 42. Rdh1 Kd6 43. Rh5 Rg6 44. Rf5 Rhxh6 45. Rhh5 Rxh5 46. Rxh5 d4
47. Rh4 Kd5 48. Rg4 Rxg4 49. fxg4 e4 50. g3 e3+ 51. Kf3 fxg3 52. Kxg3 e2 53.
Kf2 d3 54. g5 Ke6 0-1

[Event "Open Bicentenario Móstoles 1808"]
[Site "Móstoles ESP"]
[Date "2008.05.22"]
[Round "3.30"]
[White "Gutierrez Garcia, Alberto"]
[Black "Galan Aguado, Fernando"]
[Result "0-1"]
[WhiteElo "1787"]
[BlackElo "1888"]
[PlyCount "70"]
[EventDate "2008.05.20"]
[EventType "swiss"]
[EventRounds "1"]
[EventCountry "ESP"]
[Source "lmi"]
[SourceDate "2008.05.20"]

1. e4 e6 2. d4 d5 3. exd5 exd5 4. c4 c6 5. Nc3 Nf6 6. Nf3 Be7 7. Ne5 O-O 8. Bd3
Nbd7 9. f4 dxc4 10. Bxc4 Nb6 11. Bd3 Re8 12. O-O Qxd4+ 13. Kh1 Rd8 14. Re1 Be6
15. Be3 Qb4 16. Qc2 Nbd5 17. Nxd5 Bxd5 18. a3 Qd6 19. Rad1 Qc7 20. Qf2 Bd6 21.
Bxa7 c5 22. Re3 Rxa7 23. Bxh7+ Nxh7 24. Rxd5 Bxe5 25. Rexe5 Rxd5 26. Rxd5 b6
27. Qd2 Qe7 28. Re5 Qd7 29. Rd5 Qb5 30. h4 Re7 31. f5 Qf1+ 32. Kh2 Re2 33. Rd8+
Nf8 34. Qd5 Qf4+ 35. Kh3 Re3+ 0-1

[Event "Open Bicentenario Móstoles 1808"]
[Site "Móstoles ESP"]
[Date "2008.05.22"]
[Round "3.32"]
[White "Sierra Bermejo, Gregorio"]
[Black "Ramos Garcia, Raul"]
[Result "1-0"]
[WhiteElo "1793"]
[BlackElo "1753"]
[PlyCount "105"]
[EventDate "2008.05.20"]
[EventType "swiss"]
[EventRounds "1"]
[EventCountry "ESP"]
[Source "lmi"]
[SourceDate "2008.05.20"]

1. c4 Nf6 2. Nc3 e6 3. Nf3 d5 4. d4 c5 5. Bg5 h6 6. Bh4 Nc6 7. cxd5 exd5 8. e3
Be6 9. Bb5 Be7 10. dxc5 a6 11. Ba4 O-O 12. Bxc6 bxc6 13. b4 a5 14. a3 axb4 15.
axb4 Bg4 16. Rxa8 Qxa8 17. Qa4 Bxf3 18. gxf3 Qb7 19. O-O Ra8 20. Qb3 Bxc5 21.
Rb1 Rb8 22. Bg3 Ba7 23. Bxb8 Bxb8 24. Ne2 Qc7 25. Ng3 h5 26. h4 Nd7 27. f4 Qd8
28. Qc3 Qxh4 29. Qxg7+ Kxg7 30. Nf5+ Kf8 31. Nxh4 Nb6 32. Nf5 f6 33. Nd4 Nc4
34. Nxc6 Bd6 35. b5 Nb6 36. Nd4 Kf7 37. Kg2 Bc5 38. Ra1 Bxd4 39. exd4 Ke7 40.
Ra7+ Kd6 41. Rh7 Nd7 42. Rxh5 Ke6 43. f5+ Kd6 44. Rh7 Nb6 45. Rf7 Nd7 46. Kf3
Kc7 47. Ke3 Kd8 48. Kd3 Ke8 49. Rxd7 Kxd7 50. Kc3 Kc7 51. Kb4 Kd6 52. Ka5 Kc7
53. Ka6 1-0

[Event "Open Bicentenario Móstoles 1808"]
[Site "Móstoles ESP"]
[Date "2008.05.23"]
[Round "4.1"]
[White "Moreno Ruiz, Javier"]
[Black "Sanchez, Joseph"]
[Result "0-1"]
[WhiteElo "2477"]
[BlackElo "2507"]
[PlyCount "106"]
[EventDate "2008.05.20"]
[EventType "swiss"]
[EventRounds "1"]
[EventCountry "ESP"]
[Source "lmi"]
[SourceDate "2008.05.20"]

1. d4 d5 2. c4 c6 3. Nc3 Nf6 4. e3 a6 5. Nf3 Bf5 6. Qb3 Ra7 7. Bd2 e6 8. c5
Nbd7 9. Be2 Qc7 10. Nh4 Be4 11. f3 Bg6 12. Nxg6 hxg6 13. f4 Be7 14. Qc2 b6 15.
b4 a5 16. cxb6 Qxb6 17. bxa5 Qxa5 18. O-O Qd8 19. Rfb1 O-O 20. a4 Qa8 21. Bf3
Rc8 22. e4 c5 23. exd5 Nxd5 24. Nxd5 exd5 25. Rb5 Bf6 26. Kh1 Bxd4 27. Ra2 Nf6
28. g3 Qc6 29. Rb1 c4 30. Be1 Qe6 31. Bf2 Bxf2 32. Qxf2 Rca8 33. Rba1 Ra5 34.
Qd4 Qc6 35. Bd1 Ne4 36. Bc2 Nc5 37. Rb1 Ne6 38. Qb6 Qxb6 39. Rxb6 d4 40. Rc6
Nc5 41. Bd1 Rb8 42. Kg2 Rb1 43. Bf3 c3 44. Rc8+ Kh7 45. Bd5 Ne6 46. Be4 Re1 47.
Bd3 Rc5 48. Kf2 Rh1 49. Rxc5 Nxc5 50. Bf1 Rxh2+ 51. Bg2 Rxg2+ 52. Kxg2 d3 53.
Kf2 c2 0-1

[Event "Open Bicentenario Móstoles 1808"]
[Site "Móstoles ESP"]
[Date "2008.05.23"]
[Round "4.2"]
[White "Roa Alonso, Santiago"]
[Black "Pogorelov, Ruslan"]
[Result "1/2-1/2"]
[WhiteElo "2482"]
[BlackElo "2423"]
[PlyCount "35"]
[EventDate "2008.05.20"]
[EventType "swiss"]
[EventRounds "1"]
[EventCountry "ESP"]
[Source "lmi"]
[SourceDate "2008.05.20"]

1. e4 c5 2. Nf3 e6 3. d4 cxd4 4. Nxd4 Nc6 5. Nc3 Qc7 6. Be3 a6 7. Bd3 Nf6 8.
O-O b5 9. a3 Nxd4 10. Bxd4 Bd6 11. h3 Be5 12. Bxe5 Qxe5 13. Qd2 O-O 14. Qe3 Bb7
15. f4 Qc7 16. e5 Nd5 17. Nxd5 Bxd5 18. Rae1 1/2-1/2

[Event "Open Bicentenario Móstoles 1808"]
[Site "Móstoles ESP"]
[Date "2008.05.23"]
[Round "4.3"]
[White "Lariño Nieto, David"]
[Black "Lopez Rodriguez, Walter"]
[Result "1-0"]
[WhiteElo "2422"]
[BlackElo "2167"]
[PlyCount "87"]
[EventDate "2008.05.20"]
[EventType "swiss"]
[EventRounds "1"]
[EventCountry "ESP"]
[Source "lmi"]
[SourceDate "2008.05.20"]

1. d4 Nf6 2. Nf3 g6 3. c4 c5 4. d5 b5 5. cxb5 a6 6. b6 d6 7. Nc3 Nbd7 8. e4 Bg7
9. Bd3 O-O 10. Bd2 Nxb6 11. O-O Qc7 12. h3 c4 13. Be2 Nfd7 14. Be3 Nc5 15. Bd4
e5 16. Bxc5 Qxc5 17. Na4 Nxa4 18. Qxa4 Bh6 19. Qxc4 Qxc4 20. Bxc4 Bd7 21. Rfe1
Rfc8 22. b3 a5 23. a4 Rab8 24. Re2 Rc7 25. Ne1 f5 26. f3 Kf8 27. Nd3 Rb6 28.
Raa2 Ke7 29. Kf2 Rc8 30. Rec2 Rf8 31. Ke2 Bg5 32. Rc3 fxe4 33. fxe4 h5 34. Rac2
Rc8 35. Nb2 Kd8 36. Rg3 Be7 37. Rxg6 h4 38. Rg8+ Be8 39. Kd3 Rxc4 40. Nxc4
Rxb3+ 41. Rc3 Rb4 42. Nxa5 Rxa4 43. Nc6+ Kd7 44. Rg7 1-0

[Event "Open Bicentenario Móstoles 1808"]
[Site "Móstoles ESP"]
[Date "2008.05.23"]
[Round "4.4"]
[White "Mirzoev, Azer"]
[Black "Vega Gomez, Francisco Borja"]
[Result "1-0"]
[WhiteElo "2543"]
[BlackElo "2150"]
[PlyCount "79"]
[EventDate "2008.05.20"]
[EventType "swiss"]
[EventRounds "1"]
[EventCountry "ESP"]
[Source "lmi"]
[SourceDate "2008.05.20"]

1. c4 Nf6 2. Nc3 c5 3. g3 Nc6 4. Bg2 e6 5. Nf3 Be7 6. O-O b6 7. e4 d6 8. e5
dxe5 9. Nxe5 Nxe5 10. Bxa8 Nxc4 11. Qa4+ Bd7 12. Qxa7 O-O 13. Bg2 Ne5 14. b3
Nc6 15. Qb7 Na5 16. Qf3 Bc6 17. Qe2 Nd5 18. Nxd5 exd5 19. Bb2 d4 20. d3 Bf6 21.
Rae1 Bxg2 22. Kxg2 Nc6 23. Qe4 Nb4 24. a3 Nd5 25. Bc1 Qd7 26. h4 h6 27. Qf3 Bd8
28. Re5 Nc3 29. Rfe1 Bf6 30. Rf5 Bd8 31. b4 cxb4 32. axb4 Qd6 33. b5 Qd7 34.
Ba3 Re8 35. Rxe8+ Qxe8 36. Qc6 Qe2 37. Qd6 Bxh4 38. Qf8+ Kh7 39. Rxf7 Qg4 40.
Rf4 1-0

[Event "Open Bicentenario Móstoles 1808"]
[Site "Móstoles ESP"]
[Date "2008.05.23"]
[Round "4.5"]
[White "Lopez Andujar Ocana, Antonio"]
[Black "Estrada Martinez, Cesar"]
[Result "1/2-1/2"]
[WhiteElo "2167"]
[BlackElo "2253"]
[PlyCount "123"]
[EventDate "2008.05.20"]
[EventType "swiss"]
[EventRounds "1"]
[EventCountry "ESP"]
[Source "lmi"]
[SourceDate "2008.05.20"]

1. e4 c5 2. Nf3 d6 3. c4 Bg4 4. Be2 Nc6 5. O-O g6 6. d3 Bg7 7. Nc3 e6 8. Nd2
Bxe2 9. Nxe2 Nge7 10. f4 O-O 11. Nf3 Rb8 12. Rb1 b5 13. b3 f5 14. cxb5 Rxb5 15.
Bb2 Bxb2 16. Rxb2 Qd7 17. Rd2 d5 18. Nc3 Ra5 19. g3 Nd4 20. Nxd4 cxd4 21. Na4
dxe4 22. dxe4 Rd8 23. e5 Rd5 24. Nb2 Qb5 25. Nc4 Qc5 26. Rf3 R5d7 27. Nd6 Nd5
28. Rfd3 Nc3 29. Qc2 Rc7 30. Qb2 Ne4 31. Rd1 Nxd6 32. Qxd4 Qxd4+ 33. Rxd4 Rc6
34. Rxd6 Rcxd6 35. exd6 Kf7 36. Kf2 Ke8 37. Ke3 Kd7 38. Rc1 Ra8 39. Rc7+ Kxd6
40. Rxh7 a5 41. Rg7 a4 42. Kd2 axb3 43. axb3 Ra2+ 44. Kc3 Rxh2 45. Rxg6 Re2 46.
Kc4 Rc2+ 47. Kb5 Rc5+ 48. Ka4 Rc8 49. b4 Ra8+ 50. Kb5 Rb8+ 51. Kc4 Rc8+ 52. Kb3
Rb8 53. Rg7 Kd5 54. Ka4 Ra8+ 55. Kb5 Rb8+ 56. Ka5 Ra8+ 57. Kb6 Rb8+ 58. Rb7 Rg8
59. b5 Rxg3 60. Rd7+ Ke4 61. Re7 Kxf4 62. Rxe6 1/2-1/2

[Event "Open Bicentenario Móstoles 1808"]
[Site "Móstoles ESP"]
[Date "2008.05.23"]
[Round "4.6"]
[White "Dolezal, Cristian"]
[Black "Ruiz Martin, Juan"]
[Result "1-0"]
[WhiteElo "2436"]
[BlackElo "2100"]
[PlyCount "78"]
[EventDate "2008.05.20"]
[EventType "swiss"]
[EventRounds "1"]
[EventCountry "ESP"]
[Source "lmi"]
[SourceDate "2008.05.20"]

1. c4 e5 2. Nc3 Nf6 3. e3 d5 4. cxd5 Nxd5 5. Nf3 Nxc3 6. bxc3 Bd6 7. e4 O-O 8.
Bc4 b6 9. d3 Qf6 10. h3 Ba6 11. Qa4 Bxc4 12. Qxc4 Re8 13. Be3 Qe6 14. Nd2 Nd7
15. Ke2 Bc5 16. Qxe6 Rxe6 17. Nb3 Ba3 18. Rab1 Rc6 19. c4 Re8 20. g3 a6 21. Na1
Bc5 22. Nc2 Bxe3 23. Nxe3 Nc5 24. Nd5 a5 25. Ke3 Nd7 26. h4 Kf8 27. h5 Ree6 28.
Rh4 Rh6 29. Rbh1 Rc5 30. Nc3 Ke8 31. Rg4 Kf8 32. Rgh4 Ke8 33. Rb1 Rcc6 34. Rb5
Nc5 35. Nd5 Kf8 36. f4 f6 37. Rb2 Ne6 38. fxe5 fxe5 39. Rf2+ Kg8 1-0

[Event "Open Bicentenario Móstoles 1808"]
[Site "Móstoles ESP"]
[Date "2008.05.23"]
[Round "4.7"]
[White "Kovacevic, Slobodan"]
[Black "Vazquez Gonzalez, Jesus"]
[Result "1-0"]
[WhiteElo "2426"]
[BlackElo "2079"]
[PlyCount "71"]
[EventDate "2008.05.20"]
[EventType "swiss"]
[EventRounds "1"]
[EventCountry "ESP"]
[Source "lmi"]
[SourceDate "2008.05.20"]

1. d4 Nf6 2. Nf3 g6 3. Bg5 Bg7 4. Nbd2 d6 5. c3 O-O 6. e4 Nc6 7. Bb5 a6 8. Bxc6
bxc6 9. O-O h6 10. Be3 Ng4 11. Bf4 e5 12. Bg3 f5 13. h3 f4 14. Bh2 Nxh2 15.
Kxh2 g5 16. dxe5 dxe5 17. Nc4 Qe8 18. Na5 g4 19. hxg4 Bxg4 20. Rh1 Qg6 21. Qe2
Rf7 22. Kg1 Kh7 23. Rh2 Rg8 24. Kh1 Bh8 25. b4 Rd7 26. Nb7 Bxf3 27. Qxf3 Rd2
28. a4 Bf6 29. Rf1 Bh4 30. Nc5 Be7 31. Nxa6 Ra2 32. b5 cxb5 33. axb5 c6 34. c4
cxb5 35. cxb5 Qb6 36. Qh5 1-0

[Event "Open Bicentenario Móstoles 1808"]
[Site "Móstoles ESP"]
[Date "2008.05.23"]
[Round "4.9"]
[White "Madina Yadarola, Martin"]
[Black "Fernandez Garcia, Ignacio"]
[Result "1-0"]
[WhiteElo "2277"]
[BlackElo "1992"]
[PlyCount "67"]
[EventDate "2008.05.20"]
[EventType "swiss"]
[EventRounds "1"]
[EventCountry "ESP"]
[Source "lmi"]
[SourceDate "2008.05.20"]

1. b3 Nf6 2. Bb2 Nc6 3. d4 d5 4. Nf3 Bf5 5. e3 a6 6. a3 e6 7. Nbd2 Be7 8. Be2
h6 9. O-O O-O 10. c4 Ne4 11. Nxe4 Bxe4 12. Nd2 Bg6 13. f4 Nb8 14. cxd5 exd5 15.
f5 Bh7 16. Bd3 Nd7 17. Nf3 Nf6 18. Ne5 c6 19. Qc2 Rc8 20. b4 a5 21. Bc3 axb4
22. axb4 Qb6 23. Rfb1 Bd6 24. Qe2 Rfe8 25. Kh1 Qc7 26. Rf1 Ra8 27. Rac1 Ra3 28.
b5 c5 29. Bb4 Ra4 30. Bxc5 Bxe5 31. b6 Qb8 32. dxe5 Rxe5 33. Qc2 Re8 34. Qxa4
1-0

[Event "Open Bicentenario Móstoles 1808"]
[Site "Móstoles ESP"]
[Date "2008.05.23"]
[Round "4.10"]
[White "De la Fuente Gonzalez, Francisco"]
[Black "Beltran de Heredia Eguiazabal, Miguel Angel"]
[Result "0-1"]
[WhiteElo "2244"]
[BlackElo "1948"]
[PlyCount "72"]
[EventDate "2008.05.20"]
[EventType "swiss"]
[EventRounds "1"]
[EventCountry "ESP"]
[Source "lmi"]
[SourceDate "2008.05.20"]

1. c4 c5 2. Nc3 b6 3. Nf3 Bb7 4. e4 d6 5. d4 cxd4 6. Nxd4 Nf6 7. f3 e6 8. Be2
Be7 9. Qa4+ Nfd7 10. Be3 O-O 11. O-O a6 12. Rad1 Qc7 13. f4 Nc6 14. f5 Nxd4 15.
Bxd4 e5 16. Be3 b5 17. cxb5 axb5 18. Qb4 Nf6 19. Nxb5 Qa5 20. Qxa5 Rxa5 21.
Nxd6 Bxd6 22. Rxd6 Rxa2 23. Rb6 Bxe4 24. Bc5 Rc8 25. Ba3 h6 26. Rb5 Nd5 27. Bf3
Bxf3 28. Rxf3 e4 29. Rf1 Ne3 30. Re1 Rc2 31. g3 Nc4 32. Rb8+ Kh7 33. Rb7 Ne5
34. Kf1 Nf3 35. Re2 Nxh2+ 36. Rxh2 Ra1# 0-1

[Event "Open Bicentenario Móstoles 1808"]
[Site "Móstoles ESP"]
[Date "2008.05.23"]
[Round "4.11"]
[White "Cabañas Bravo, Juan Andres"]
[Black "Martinez Tormo, Jorge"]
[Result "0-1"]
[WhiteElo "1959"]
[BlackElo "2219"]
[PlyCount "100"]
[EventDate "2008.05.20"]
[EventType "swiss"]
[EventRounds "1"]
[EventCountry "ESP"]
[Source "lmi"]
[SourceDate "2008.05.20"]

1. e4 d5 2. exd5 Qxd5 3. Nc3 Qa5 4. b4 Qxb4 5. Rb1 Qd6 6. Qf3 c6 7. Bc4 Nf6 8.
Ne4 Qe5 9. d3 Bg4 10. Qe3 Nxe4 11. dxe4 b5 12. Bb2 Qh5 13. Bb3 e5 14. f3 Bd7
15. Ne2 Bd6 16. Rd1 Qh4+ 17. Ng3 Qe7 18. h4 Na6 19. Qg5 f6 20. Qd2 Bb4 21. c3
Bc5 22. Nf5 Bxf5 23. exf5 Rd8 24. Qe2 Rxd1+ 25. Qxd1 Qd6 26. h5 Qxd1+ 27. Kxd1
h6 28. Rh4 Ke7 29. Rg4 Rd8+ 30. Ke2 Kf8 31. Bc1 Nc7 32. c4 b4 33. Ba4 Rd6 34.
Re4 Bd4 35. f4 Na6 36. fxe5 fxe5 37. Rg4 Nc5 38. Bc2 a5 39. Bd2 Nd7 40. Rg6
Rxg6 41. hxg6 Nf6 42. Kf3 Ne8 43. g4 Nd6 44. Bd3 c5 45. Be3 a4 46. Bxd4 exd4
47. Kf4 a3 48. g5 hxg5+ 49. Kxg5 b3 50. Bb1 Ne4+ 0-1